000 00565nam a22001937a 4500
999 _c525755
_d525755
003 NUST
005 20190704070114.0
008 190704b ||||| |||| 00| 0 eng d
038 _aAttaullah.
082 _a624.15
100 _aUllah, Sami
_916695
245 _aEnzymatic Stabilization of Soil Using Terrazyme /
_cSami Ullah.
260 _aIslamabad :
_bNICE - NUST,
_c2017.
300 _axii, 71 p. : ill. ;
_c30cm.
500 _aHard Cover.
650 _aGeotechnical Engineering - MS Thesis.
_916696
700 _aDr. Liaqat Ali.
_916199
942 _2ddc
_cTHE